000 00396pab a2200145 454500
008 180718b2005 xxu||||| |||| 00| 0 eng d
100 _aBoyer, Russell S.
245 _aMundell's international economics: adaptations and debates
260 _c2005
300 _ap.160-79.
650 _aInternational economic relations
700 _aYong, Warren
773 _aIMF Staff Papers
909 _a68929
999 _c68929
_d68929